000 00481nam a2200181 a 4500
001 1770285653059
003 YourLibrary
005 20260205153744.0
008 260205s2002##################000#0#eng##
020 _a9780071381932
082 0 4 _a332.6322PRI
100 1 _aPring, Martin J.,
_eauthor.
245 1 0 _aTechnical Analysis Explained :
260 _bMcGraw-Hill,
_c2002.
650 0 _aBusiness & Economics.
942 _cENGLISH
040 _aYourLibrary
_beng
_cYourLibrary
999 _c610492
_d610492